| 000 | 005810000a22001810004500 | ||
|---|---|---|---|
| 003 | MACL | ||
| 005 | 20160128170847.0 | ||
| 008 | 160128b xxu||||| |||| 00| 0 eng d | ||
| 040 |
_aMACL _cMACL |
||
| 041 | _aHindi | ||
| 082 | _a350/GUP | ||
| 100 |
_aअनूप कुमार गुप्ता _935111 |
||
| 245 | _aलोक प्रशासन | ||
| 260 |
_bमध्यप्रदेश हिन्दी ग्रंथ अकादमी _c2000 _aभोपाल |
||
| 350 | _a100 | ||
| 650 |
_aPublic Administration _935112 |
||
| 942 |
_cHIN _k350 /GUP _2ddc |
||
| 999 |
_c30833 _d30833 |
||